| 000 | 00749nam a22001817a 4500 | ||
|---|---|---|---|
| 999 |
_c63619 _d63619 |
||
| 003 | Ge_BSU | ||
| 005 | 20251117143908.0 | ||
| 008 | 251117s1972 ge ||||| |||| 00| 0 geo d | ||
| 041 | _ageo | ||
| 080 | _a908(476) თ-77 | ||
| 100 |
_aთოფურიძე, ქ. _926240 |
||
| 245 |
_aსაბჭოთა ბელორუსია / _cქ. თოფურიძე. |
||
| 264 |
_aთბილისი : _bსაბჭ. საქართველო, _c1972. |
||
| 300 |
_a87 გვ. ; _b16 სმ. |
||
| 490 | _aთავისუფალ ერთა მძლე კავშირი ძმური | ||
| 653 | _aკომუნისტური მშენებლობა ბელორუსიაში. | ||
| 942 |
_2udc _cBK |
||